000 00666nam a2200241 a 4500
001 0001-1109
003 ELIB.Books
008 150128 2010 eng
020 _a9627439223
035 _a(ELIB.Books)0001-1264
092 _a220
_bDas
100 _aDas, Somen.
245 _aReclaiming the Cross:
_bBible Study for Young Christians Facing Contemporary Issues
260 _aHong Kong
_bChristian Conference of Asia
_c2000
300 _a149
_c24 Cm
500 _aDr. Yahalaylayla
650 _aBible Study
856 _nKBTS: Library
_uKBTS: Elib.
942 _2ddc
_cBK
990 _a1
998 _cbat
_e2015-01-28
999 _c11109
_d11109